MDQL
is popping MORE tags! Check the
thread
!
Quizzes
Events
Quiz Creation
Community
Videos
Private Events
Remove Ads
Sign In
Join for FREE
Feedback
Dark Mode
Quiz Categories
Sports
Geography
Music
Movies
Television
Just For Fun
Miscellaneous
History
Literature
Language
Science
Gaming
Entertainment
Religion
Holiday
For Kids
Quiz Lab
Recent
Popular Today
Quiz Kudos Today
Editor Picks
Curator Picks
Quizzes by...
Day
Popularity
Type
Ratings
Length
Year
Community
Subscriptions
Recent Discussions
Orange Saloon
Badges
Playlists
Quests
Create
Leaderboards
Showdown
Live 5
Trivia Bingo
Activity
Puzzle Library
Sporcle Events
Private Events
Virtual Trivia
Globe League
Become a Host
Pub Owners
SporcleCon
Opinionation
Our Games
Videos
Blog
Mobile Apps
Partnerships
Remove Ads and Go Orange
Feedback
Music
Pop Music
The Beatles
Song
Album
Lyrics
Bands
Singers
Artist
Clip
Rock
Rap
Classical
Billboard
Country Music
Kpop
Taylor Swift
Music
Pop Music
The Beatles
Song
Album
Lyrics
Bands
Singers
Artist
Clip
Rock
Rap
Classical
Billboard
Country Music
Kpop
Taylor Swift
Random Quiz
Search Sporcle
×
Quiz Lab
Quiz Lab
Music
Lyrics
Type in answers that appear in a list
Type in answers that appear in a list
Classic
Best Score? Go Orange.
Lyrical Lists (1-10) Stats
Can you name the words or phrases to complete the lists in each categories?
By
sluh138
7m
55 Questions
127 Plays
127 Plays
127 Plays
Comments
Comments
Give Quiz Kudos
Give Quiz Kudos
-
- Ratings
hide this ad
More Info
Replay
Link that replays current quiz
Next Quiz
Link to next quiz in quiz playlist
You Got
0%
They Got
Avg Score
24%
Avg Friend Score
Upgrade to see
Score Distribution
Jump to the score distribution portion of the page
Score
0/55
Timer
07:00
0
Plays Today
% Correct
Catch a grenade
64.6%
Monica
61.4%
Jessica
58.3%
Rita
49.6%
Sandra
48.8%
Wish
47.2%
Kissed?*
42.5%
LA
40.9%
Danced on tabletops
39.4%
Erica
39.4%
Mary
39.4%
Took too many shots
38.6%
Tina
38.6%
Jump in front of a train
37.8%
Skinny dipped in the dark
37.8%
Die
34.6%
Take a bullet straight through his brain
33.1%
Bury her in satin
32.3%
Lay her down on a bed of roses
29.9%
Anything
25.2%
Go through all this pain
25.2%
New York
25.2%
Had a menage a trois
24.4%
Throw his hand on a blade
23.6%
Broke the law?*
22%
London
22%
Streaked in the park
21.3%
Angela
20.5%
% Correct
Genie
20.5%
Break Your Heart
20.5%
Pamela
19.7%
The Jack
19.7%
Sink her in the river at dawn
18.9%
Send her away with the words of a love song
18.9%
Ibiza
18.9%
Dream
18.9%
Hit the boulevard
18.1%
Africa
18.1%
Vegas
16.5%
Maxed credit cards
15.7%
The jukebox
15%
Brazil
14.2%
Morocco
14.2%
Got kicked out of the bar
13.4%
Made him
11%
Kids in the ghetto
9.4%
Saved him
6.3%
Drove him crazy
5.5%
Father that's there
5.5%
Teachers not scared
5.5%
Embraced him
4.7%
Forgave him
4.7%
People ain't here
4.7%
Kids that don't wanna be there
3.9%
Pushed him away
3.1%
Quiz Playlist
Details
Report
Send in Message
Add To Playlist
More Info:
* Includes things she thinks she did. Credit to luckygemini521 for the original "Fun With Lyrics" idea.
Classic:
Type in answers that appear in a list
Quiz Source
Last Updated: Feb 16, 2017
Quiz Scoreboard
CHALLENGE
Sign Up to Join the Scoreboard
Show All
Scores
Hide
Comments
May contain spoilers
Recently Published
1-10 Letter E Words III
by El_Dandy
Language
2m
Street Fighter Characters
by Artimus82
Gaming
60s
College Basketball Coaching Resumes
by pancakes188
Sports
9m
More to Explore
Quiz From the Vault
Featured Blog Post
Where Did the Easter Bunny Come From?
hide this ad
You Might Also Like...
Tags
Lyrics Quiz
1-10
Category
complete
phrase
Today's Top Quizzes in Music
Browse Music
hide this ad
Today's Top Quizzes in Lyrics
Browse Lyrics
Top Contributed Quizzes in Music
1
Taylor Swift All Songs (2024)
2
Taylor Swift Logic Puzzle
3
Guess the Artist- 70s Songs
4
7-to-1: Billboard Hot 100 #1 Hits of 2010s
5
Sorting Albums and Songs
6
KPOP LOGIC QUIZ
7
Billboard Blitz: Aretha Franklin
8
Guess the Taylor Swift song (Mystery Song)
9
Guess The Taylor Swift Lyrics Song #1
10
Billboard Blitz: ABBA
Explore More
Trending Topics
Anime
Kpop
Marvel
NBA
Crossword
Harry Potter
Disney
NFL
WWE
Pokémon
The Office
Country
Soccer
Song
Puzzle
hide this ad
More By:
sluh138
Quiz
Plays
Rating
Category
Featured
Created
Multi-Millionaire: Harry Potter Quotes
45,536
4.19
Literature
Jul 15, 2011
Word Ladder: Entertainment Tonight Hosts
22,246
4.21
Just For Fun
May 1, 2011
Walking Through a *Minefield*
13,714
3.16
Just For Fun
Jul 24, 2011
Word Ladder: US Independence Day
8,675
4.56
Just For Fun
Jul 3, 2011
States Without A Sports Team: *MINES*
6,444
4.00
Sports
Jun 20, 2011
Go to Creator's Profile
Score Distribution
Quiz Creator Spotlight
sluh138
Follow
Send a Message
Quizzes Created
-
Created Quiz Play Count
-
More By This Creator
Popular Quizzes Today
1
Find the US States - No Outlines Minefield
2
Find the Countries of Europe - No Outlines Minefield
3
The Countries of the World
4
Find the US States
5
Risky Map Clicking: Biggest States A-Z
6
US States
7
Popular People in 1961
8
Movies - When Are They Set?
More Music Quizzes
Kpop Idols I Stan
Quiz Lab
Trending Quizzes
Risky Map Clicking: Least Populous States A-Z
1-10 Letter G Words
1-10 Letter F Words
Countries of the World: 200 Million BC
Risky Map Clicking: Next State Alphabetically
Recently Updated
Beyoncé Albums
pecheneg
Leaping Animals
pecheneg
Reality TV Shows (A-Z)
bhenderson79
Rickey Henderson's Hall of Fame Teammates
pecheneg
Champions League XIs: Arsenal
pecheneg
Quick Pick: Celebrities in WWE's Hall of Fame
aduchscher
A-Z Keypad Blitz II
pecheneg
Multiple Oscar Actors
pecheneg
Mystery Phrase Blitz: Oscar 'Best Actors'
pecheneg
F. Scott Fitzgerald Novels
LTH
Trending Topics
Marvel
Disney
Anime
Crossword
NBA
Harry Potter
Kpop
The Office
Puzzle
Pokémon
Country
Soccer
WWE
Song
NFL
Your Account Isn't Verified!
In order to create a playlist on Sporcle, you need to verify the email address you used during registration. Go to your
Sporcle Settings
to finish the process.
Report this User
Report this user for behavior that violates our
Community Guidelines
.
Details:
Send Report
Go to the Sporcle.com Mobile Site →
Comments